header

Sensory evaluation (Record no. 45825)

MARC details
000 -LEADER
fixed length control field 01530nam a22003614a 4500
100 1# - MAIN ENTRY--AUTHOR NAME
Personal name Kemp, Sarah E.
245 10 - TITLE STATEMENT
Title Sensory evaluation
260 ## - PUBLICATION, DISTRIBUTION, ETC. (IMPRINT)
Place of publication Chichester, U.K. :
Name of publisher Ames, Iowa :
-- Wiley-Blackwell,
Year of publication 2009.
300 ## - PHYSICAL DESCRIPTION
Number of Pages xi, 196 p. :
Other physical details ill.
505 0# - FORMATTED CONTENTS NOTE
Formatted contents note Sensory perception -- Planning your sensory project -- Requirements for sensory testing -- Sensory test methods -- Completing the project.
650 #0 - SUBJECT ADDED ENTRY--TOPICAL TERM
Topical Term Sensory evaluation
700 1# - ADDED ENTRY--PERSONAL NAME
Personal name Hollowood, Tracey.
Personal name Hort, Joanne.
856 40 - ELECTRONIC LOCATION AND ACCESS
Uniform Resource Identifier http://site.ebrary.com/lib/rucke/Doc?id=10351184

No items available.

© 2026 Rongo University
Contact us: librarian | system librarian | Rongo university